[Event "EU-Cup 34th"]
[Site "Porto Carras"]
[Date "2018.10.16"]
[Round "5.3"]
[White "Wojtaszek, Radoslaw"]
[Black "Efimenko, Zahar"]
[Result "1-0"]
[WhiteElo "2727"]
[BlackElo "2641"]
[Annotator "Mikhalchishin,A"]
[PlyCount "73"]
[EventDate "2018.10.12"]
[EventType "team-swiss"]
[EventRounds "7"]
[EventCountry "GRE"]
[SourceTitle "CBM 187"]
[Source "ChessBase"]
[SourceDate "2018.12.11"]
[SourceVersion "1"]
[SourceVersionDate "2018.12.11"]
[SourceQuality "1"]
[WhiteTeam "Novy Bor"]
[BlackTeam "Beer Sheva"]
[WhiteTeamCountry "CZE"]
[BlackTeamCountry "ISR"]

1. d4 Nf6 2. c4 e6 3. Nf3 b6 4. a3 Bb7 5. Nc3 Ne4 ({The main line is
considered to be} 5... d5 6. cxd5 Nxd5) 6. Nxe4 Bxe4 7. Bf4 Be7 8. e3 d6 9. Bd3
Bxd3 10. Qxd3 Nd7 ({A great practitioneer of this line, the legendary Lajos
Portisch, started his plan here immediately:} 10... a5 11. b3 Nd7 12. O-O O-O
13. h3 Re8 14. e4 e5 15. Be3 exd4 16. Bxd4 Ne5 17. Qc3 Bf6 18. Rad1 Nxf3+ 19.
Qxf3 Bxd4 20. Rxd4 Re5 21. Qf4 Qe7 22. Rfd1 Rf8 23. f3 f5 24. Rd5 h6 25. a4
Rxd5 26. cxd5 fxe4 27. Qxe4 Qxe4 28. fxe4 Re8 {1/2 (28) Nikolic,P (2625)
-Portisch,L (2570) Reykjavik 1991}) 11. e4 ({A modern approach was
demonstrated by nobody else but Shakhriyar Mamedyarov:} 11. O-O-O c5 12. Kb1
Rc8 13. Rc1 cxd4 14. exd4 Nf6 15. Bg5 O-O 16. d5 e5 17. Bxf6 Bxf6 18. h4 Qd7
19. Ng5 g6 20. f3 Bxg5 21. hxg5 f6 22. gxf6 Rxf6 23. Rhe1 Rf4 24. Re4 Rxe4 25.
Qxe4 Rf8 26. Re1 Rf4 27. Qc2 Kg7 28. Ka2 h5 29. Re4 Qf5 30. Qa4 Rxe4 31. fxe4
Qxe4 32. Qd7+ Kh6 33. Qxd6 Qxc4+ 34. Ka1 Qc1+ {1/2 (34) Mamedyarov,S (2820)
-Ivanchuk,V (2710) Batumi GEO 2018}) ({Older treatment is not bad too} 11. O-O
O-O 12. Rfd1 g5 13. Bg3 f5 14. h3 Qe8 15. b4 Qg6 16. c5 Nf6 17. cxd6 cxd6 18.
Rac1 Nd5 19. Rc6 f4 20. Qxg6+ hxg6 21. exf4 gxf4 22. Bh4 Rfd8 23. Bxe7 Nxe7 24.
Rc2 Kf7 25. Re1 Nd5 26. Rce2 {with serious threats, Vaganian,R (2570)
-Kupreichik,V (2365) Moscow (Russia) 1979}) 11... O-O 12. O-O a5 13. b3 Qc8 ({
I would prefer Portisch's set up with the rook on e8:} 13... Re8 14. Rfd1 Qc8
15. e5 (15. Re1 Qb7 16. Rad1 Rab8 17. d5 Bf6 18. e5 Nxe5 19. Nxe5 dxe5 20. Bxe5
Bxe5 21. Rxe5 exd5 22. Rxd5 Qc6 23. Rd7 g6 24. h3 Re5 25. Qg3 Re1+ 26. Rxe1
Qxd7 27. Qe5 Rd8 28. c5 {1/2 (28) Cramling,P (2545)-Portisch,L (2600) London
1996}) 15... dxe5 16. Nxe5 Nxe5 17. Bxe5 Bd6 18. Qg3 Bxe5 19. dxe5 Qb7 20. Rd4
Rad8 21. Rad1 Rxd4 22. Rxd4 Qc6 23. h4 $6 (23. a4) 23... Qc5 {with equality,
Gelfand,B (2615)-Portisch,L (2605) Moscow 1990}) 14. Rad1 Qb7 15. Rfe1 Rad8 (
15... Rfe8 {One rook must be on e8, as White will play d4-d5 sooner or later
and e- file can be opened. But what is the other rook doing on d8? It must go
to c8, preparing b6-b5.}) 16. d5 Bf6 17. Qc2 h6 (17... Rfe8) 18. h3 Rfe8 19.
Nh2 b5 $2 ({The correct way was to attack the centre differently:} 19... Be5
20. Bd2 c6 21. Ng4 exd5 22. exd5 cxd5 23. cxd5 Qxd5 24. Bg5 Bh2+ 25. Kxh2 Qxg5
26. Rxe8+ Rxe8 27. Qc6 Qe7 28. Rxd6 Ne5 {easily holding the position.}) 20.
dxe6 Rxe6 21. cxb5 Rde8 $2 ({It was necessary to calculate one variation
correctly and long enough:} 21... Qxb5 22. Qxc7 Nc5 23. Ng4 Be7 24. Ne3 Rd7 25.
Qc8+ Rd8 26. Qc7 Rd7 $11) 22. Ng4 ({A serious advantage with a weakness on a5
could have been achieved after} 22. a4 Nc5 23. Ng4 Nxe4 24. Nxf6+ Nxf6 25. Bd2)
22... Rxe4 ({It was necessary to enter the sharp line} 22... Bd8 23. a4 f5) 23.
Rxe4 Rxe4 24. Bd2 $1 {A weakness is shown - the pawn a5!} Bd4 25. Bxa5 Nc5 ({
Not enough to save the game was} 25... f5 26. Qc6 Qxc6 27. bxc6 Nb8 28. Bxc7
Nxc6 29. Ne3 Bxe3 30. fxe3 Rxe3 31. Rxd6) 26. b4 ({Or simpler:} 26. a4) 26...
Ne6 27. Qc6 Qxc6 28. bxc6 h5 ({The king had to go to the centre:} 28... Kf8)
29. Ne3 Bxe3 30. fxe3 Rxe3 31. b5 Kf8 {[#]} 32. Bxc7 $1 {The decisive
sacrifice, paving the way for unstoppable passed pawns.} Nxc7 33. b6 Rc3 34.
Rxd6 Na6 35. Rd8+ Ke7 36. Ra8 $1 Kd6 ({More stubborn was} 36... Rxc6 37. Rxa6
Kd7 38. a4 Kc8 39. a5 Kb8 40. Ra7 Rf6 41. Rc7 h4 42. Re7 Ka8 43. g4 hxg3 44.
Kg2 {and White still has some technical problems.}) 37. b7 1-0

[Event "WchT (Women) 3rd"]
[Site "Mardin"]
[Date "2011.12.22"]
[Round "5"]
[White "Kosteniuk, Alexandra"]
[Black "Zhao, Xue"]
[Result "0-1"]
[WhiteElo "2439"]
[BlackElo "2541"]
[Annotator "Mikhalchishin,A"]
[PlyCount "96"]
[EventDate "2011.12.18"]
[EventType "team-tourn"]
[EventRounds "9"]
[EventCountry "TUR"]
[SourceTitle "CBM 145 Extra"]
[Source "ChessBase"]
[SourceDate "2012.01.03"]
[SourceVersion "1"]
[SourceVersionDate "2012.01.03"]
[SourceQuality "1"]
[WhiteTeam "Russia (W)"]
[BlackTeam "China (W)"]
[WhiteTeamCountry "RUS"]
[BlackTeamCountry "CHN"]

1. d4 Nf6 2. c4 e6 3. Nf3 b6 4. a3 Ba6 5. Qb3 {This move is very tricky.
Personally I believe that the main line - 5.Qc2 - is more solid.} d5 6. cxd5
exd5 ({It looks as if there is a more modern approach: the exchange of the
queens. This is the idea of none other than Anatoly Karpov himself!} 6... Qxd5
7. Qxd5 (7. Qc2 c5 8. Nc3 Qd7 $1 (8... Qb7 9. dxc5 Bxc5 10. g3 $14) 9. dxc5 (9.
Ne5 Qxd4 10. e3 Qxe5 11. Bxa6 Nxa6 12. Qa4+ Nd7 13. Qxa6 Be7 $17) 9... Bxc5 10.
g3 Bb7 11. Bg2 Nc6 (11... O-O 12. O-O Rc8 13. Rd1 Qe8 $11) 12. O-O Nd4 13. Nxd4
Bxg2 14. Kxg2 (14. Nxe6 $2 Bxf1 15. Nxg7+ Kf8 16. Bh6 Bxf2+ $1) 14... Bxd4 15.
Rd1 Qc6+ 16. f3 Be5 (16... Bxc3 17. Bd2 Rc8 18. Bxc3 Nd5 19. Rd3 $14) 17. Bg5
O-O 18. Rac1 Rad8 $11 {Shirov,A (2670)-Karpov,A (2725)/Linares 1993}) 7... exd5
8. Nc3 c6 (8... Nbd7 9. Bf4 Rc8 10. e3 Bxf1 11. Rxf1 a6 12. Ke2 Be7 13. Rac1 h6
14. Rc2 c5 15. dxc5 Rxc5 16. Rfc1 O-O 17. Ne5 {Izoria,Z (2610)-Sammalvuo,T 
(2464)/Dresden GER 2008; with a much better endgame for White.}) 9. g3 Nbd7 10.
Bf4 Be7 11. Rc1 O-O 12. Bh3 h6 13. Nh4 Rfe8 14. Nf5 Bf8 {Cramling,P (2525)
-Brynell,S (2472)/Stockholm SWE 2010; and the black pieces are harmoniously
developed.}) 7. Nc3 Be7 8. g3 {This plan is possible but not the best here.
There is another much more effective approach.} (8. Bg5 c6 9. Bxf6 Bxf6 10. e4
Bxf1 (10... O-O $146 11. Bxa6 Nxa6 12. exd5 Re8+ 13. Kf1 c5 14. Rd1 Qd7 15. h3
{/\ g3, Kg2} Rad8 $6 (15... Rac8 $5 16. g3 cxd4 17. Nxd4 Nc5 18. Qb5 $14 Qb7
19. Kg2) 16. g3 Nc7 (16... cxd4 17. Nxd4 Nc5 18. Qc2 Qb7 19. Kg2 $1) 17. dxc5
Bxc3 18. bxc3 Nxd5 19. Kg2 Qc6 (19... Re2 $2 20. c4 Ne3+ 21. Qxe3 $1) 20. c4 {
Dreev,A (2650)-Piket,J (2640)/Linares 1997; with better play.}) (10... dxe4 11.
Nxe4 O-O (11... Bxf1 12. Rxf1 O-O 13. O-O-O $13 {|^})) 11. Rxf1 dxe4 12. Nxe4
O-O 13. O-O-O Nd7 14. Kb1 (14. Ne5 Bxe5 15. dxe5 Qe7 16. f4 Nc5 17. Nxc5 bxc5
18. Rf2 Rab8 19. Qc4 Rfd8 20. Rfd2 {Istratescu,A (2586)-Perunovic,M (2527)/
Budva SCG 2003. Black has many pawn weaknesses.}) 14... Qc7 15. Qc2 Rac8 16.
Rfe1 Qf4 17. Re3 c5 18. g3 Qf5 19. d5 Bd4 20. Nd6 Qxc2+ 21. Kxc2 Bxe3 22. Nxc8
Rxc8 23. fxe3 Re8 {Jovanic,O (2538)-Korobov,A (2663)/Rijeka 2010; with an
unclear endgame.}) 8... O-O 9. Bg2 c5 (9... c6 10. O-O Ne4 11. Re1 Nxc3 12.
Qxc3 Bb7 13. Ne5 c5 14. dxc5 Bxc5 15. b4 Be7 16. Bb2 Bf6 17. Qb3 Re8 18. Rad1 (
18. Nd3 $16) 18... Bxe5 19. Bxd5 Bxd5 20. Rxd5 Nd7 21. Bxe5 Rxe5 22. Red1 Qf6
23. Rd6 Qf5 24. Rxd7 Rxe2 25. Rd8+ Re8 26. Rxe8+ Rxe8 27. Qa4 b5 28. Qxa7 {
Kozul,Z (2595)-Frolov,A (2535)/Portoroz 1993. As a result of forced play White
won a pawn, but the realisation of the advantage is not easy.}) 10. dxc5 ({
I would prefer to keep the centre and to complete the development and
centralisation of the rooks.} 10. O-O Nc6 11. Qa4 Bb7 (11... Qc8 12. Bg5 Rd8
13. Rac1 Na5 $2 14. dxc5 Bc4 15. Nd2 Rb8 16. cxb6 Rxb6 17. Bxf6 Bxf6 18. Nxd5 {
1-0 Kozul,Z (2556)-Steedman,J/Panormo 2001/CBM 084 ext}) 12. Bf4 Ne4 13. dxc5 (
13. Rad1 $14) 13... Nxc5 14. Qc2 d4 15. Rad1 Rc8 16. Be3 (16. Bh3 Ne6 17. Bxe6
fxe6 18. Qe4 $16) 16... Bf6 17. Qb1 (17. Nxd4 Nxd4 18. Bxd4 Bxd4 19. Bxb7 Nxb7
20. e3 Rc4 21. Qe2 Na5 22. Nb5 $16) 17... Ne6 18. Bh3 $2 (18. Bxd4 Nexd4 19.
Nxd4 Nxd4 20. Bxb7 $16) 18... Rc7 19. Ne4 {Arkhangelsky,B (2315)-Panchanathan,
M (2490)/New Delhi IND 2009; with a very sharp position.}) 10... Nc6 $1 {
I always saw with great pleasure, how my friend Aleksandr Beliavsky sacrificed
in this way a pawn in the Tartakower Variation of the Queen's Gambit.} (10...
Bxc5 11. O-O Nc6 12. Qa4 Bb7 13. Rd1 {with a slight advantage.}) ({The capture
} 10... bxc5 {would be problematic:} 11. Ne5 c4 12. Qd1) 11. O-O (11. cxb6 {
looks risky, but maybe it can be playable and perhaps is not so bad after all!}
d4 12. Nb5 Qxb6 13. a4 d3 14. Be3 Qa5+ 15. Nd2 Rac8 16. O-O dxe2 17. Rfe1)
11... bxc5 12. Rd1 d4 $1 {It is not necessary to be afraid of creating a weak
square - the gain of space is more important.} ({A very complicated endgame
structure would appear after} 12... Rb8 13. Qa4 Qb6 14. Bg5 d4 15. Bxf6 Bxf6
16. Nd5 Qb5 17. Qxb5 Bxb5 18. Nxf6+ gxf6 19. Re1 c4 20. Rac1) 13. Qc2 $2 ({
In such cases it is recommended to attack the opponent's centre as soon as
possible!} 13. e3 Na5 14. Qa4 Bc4 15. Nd2 Be6 16. exd4 cxd4 17. Ne2 (17. Nb5
Qb6 $1 18. b4 Nc6) 17... d3 18. Nf4 Bc5 $1 {with terribly unclear play.}) 13...
Rc8 ({The immediate attack} 13... Qb6 {looks very tempting:} 14. Na4 Qb5 15.
Bf4 Qxe2 16. Rd2 Qb5 17. Bf1 Qb7 18. Bxa6 Qxa6 19. Nxc5 Bxc5 20. Qxc5 Ne4) 14.
e4 $2 {A very risky move, leaving Black with the powerful central pawn.} ({
It was clearly better to complete the development} 14. Bg5 Re8 15. Rac1 h6 16.
Bxf6 Bxf6 17. Ne4) 14... Re8 15. Nd5 ({She had to attack the black rook with
very unclear developments as Black will have to sacrifice the exchange.} 15.
Bh3) 15... Nxd5 ({It would be difficult, but not bad to try to avoid the
exchange on d5} 15... h6 16. Bf4 Bf8) 16. exd5 Na5 17. Bd2 ({White's only
chance was to try to attack her opponent's strong centre with} 17. Qa4 Qb6 18.
b4 Nb7 19. Bh3 Bb5 20. Qc2 Rc7 21. Bf4) 17... Nc4 18. Qa4 ({Once more it was
not easy to see the possibility} 18. Bf4 g5 19. Ne5 Nxe5 20. Bxe5 f6 21. Qf5
fxe5 22. Qe6+) 18... Qb6 19. Bc1 $2 {No! Never back!} ({It was necessary to
try to block the black pawn structure on the white squares:} 19. Bf1 Bb5 20.
Qb3 Nxd2 21. Nxd2 Bxf1 22. Qxb6 axb6 23. Kxf1 Red8 24. a4 Rxd5 25. Nc4) 19...
d3 20. Qd7 ({It is very difficult to fight this dangerous black pawn,for
example} 20. Re1 Rcd8 21. Nd2 Nd6 22. Ne4 Nxe4 23. Bxe4 Bb5 24. Qd1 Bf6 25. Rb1
c4) 20... Bf6 (20... Nxb2 {is not so clear:} 21. Bxb2 Qxb2 22. d6) (20... Rcd8
{would be more precise:} 21. Qf5 Bf6 22. Ng5 g6 23. Qf4 Nxb2) 21. Rb1 ({
A similar line to that above} 21. Ng5 Nd6 22. Bf4 Rcd8) 21... Red8 ({There was
the possible strike} 21... Nxa3) 22. Qf5 Nxa3 23. Ra1 Nc2 24. Ra4 ({The
sacrifice} 24. Rxa6 {was hopeless:} Qxa6 25. Ng5 g6 26. Qxd3 Qxd3 27. Rxd3 Ne1
28. Rb3 Nxg2 29. Kxg2 Rxd5) 24... g6 25. Qg4 h5 26. Qe4 Bb5 27. Ra2 Nb4 28. Ra3
Re8 29. Qf4 Nxd5 {Winning a second pawn. Black has reached a technically
winning position.} 30. Qh6 Bg7 {The game could finish here as White's position
is completely lost. Aleksandra continue just so as not to depress her team.}
31. Qg5 Nb4 32. g4 hxg4 33. Qxg4 Nc2 34. Rc3 Qe6 35. Qh4 Qe2 36. Rf1 Qe4 37.
Qh3 Qf5 38. Qg3 Rcd8 39. Rb3 c4 40. Rc3 Nd4 41. Nxd4 Rxd4 42. Bh3 Qh5 43. Be3
Rh4 44. Bg2 Be5 45. f4 Bxc3 46. bxc3 Rg4 47. Qf3 Rxe3 48. Qxe3 Bc6 0-1

[Event "Wch U18"]
[Site "Maribor"]
[Date "2012.11.11"]
[Round "4"]
[White "Swiercz, Dariusz"]
[Black "Idani, Pouya"]
[Result "1-0"]
[WhiteElo "2609"]
[BlackElo "2470"]
[Annotator "Mikhalchishin,A"]
[PlyCount "69"]
[EventDate "2012.11.08"]
[EventType "swiss"]
[EventRounds "11"]
[EventCountry "SLO"]
[SourceTitle "CBM 152"]
[Source "ChessBase"]
[SourceDate "2013.01.15"]
[SourceVersion "1"]
[SourceVersionDate "2013.01.15"]
[SourceQuality "1"]

{The World Champion under 20 from 2011 became World Champion under 18 in 2012!
The Polish player is a future top star, undoubtely.} 1. d4 Nf6 2. c4 e6 3. Nf3
b6 4. a3 Ba6 5. Qc2 Bb7 6. Nc3 c5 7. e4 cxd4 8. Nxd4 Bc5 9. Nf3 {This rare
move is probably not weaker than the classical} (9. Nb3) 9... Nc6 10. b4 {
The best strategy is the most active. Weaker are other developing moves like} (
10. Bf4 Nh5 11. Bd2 a6 12. b4 Bd6 13. g3 Nf6 14. Be2 Rc8 15. O-O Ne5 16. Nxe5
Bxe5 17. Bd3 (17. Rad1 O-O 18. Be3 Bxc3 19. Qxc3 Nxe4 20. Qd4 d5) 17... O-O 18.
Rfe1 b5 19. cxb5 axb5 20. Qb3 Ng4 {Timman,J (2590)-Polugaevsky,L (2585)/
Reykjavik 1987; with very good play for Black.}) 10... Bd6 ({Before the main
answer was considered to be} 10... Nd4 11. Qd3 ({Another retreat is possible:} 
11. Qd2 Nxf3+ 12. gxf3 Be7 13. Rg1 ({Possibly} 13. Bb2 {could be better:} d6
14. Rg1 Rg8 15. O-O-O a6 16. Kb1 Qc7 17. Rc1 {Sethuraman,S (2547)-Adhiban,B 
(2515)/New Delhi 2010; with a slight advantage.}) 13... a5 14. Rxg7 axb4 15.
Nb5 Bc6 16. Nd6+ Bxd6 17. Qxd6 Qe7 18. Qxe7+ Kxe7 19. Bb2 {Krasenkow,M (2631)
-Fier,A (2604)/Barcelona 2009; White's pair of bishops is very active.}) 11...
Nxf3+ 12. gxf3 Be7 13. Bg2 ({Another option is} 13. Rg1 O-O 14. Bb2 (14. Bh6
$142 Ne8 15. Rd1 $14) 14... Qc7 15. Qe3 (15. Nb5 Qxh2 16. Rxg7+ $1 Kxg7 17.
Qxd7 Rfe8 18. Qxb7 Kf8 $13) 15... Ne8 16. Qh6 f6 17. Nb5 Qc8 18. Rd1 Rf7 {
Rajlich,I (2439)-Dzagnidze,N (2454)/Turin 2006; with an equal position.}) 13...
Qb8 14. Be3 O-O 15. f4 Nh5 16. Qd2 Rc8 17. Bf3 Nf6 18. Qd3 Qc7 19. Be2 d5 20.
exd5 exd5 21. Nxd5 Nxd5 22. cxd5 Bxd5 23. O-O Qb7 {Caoili,A (2152)-Guido,F 
(2379)/Bratto 2001; there are some weaknesses in White's position.} 24. Bd4)
11. Bb2 ({Black would obtain a very promising position after} 11. Nb5 Bb8 12.
c5 Ne5 13. Qb2 Ng6 14. e5 Bxf3 15. exf6 Be5 16. Nd6+ Kf8 17. fxg7+ Bxg7) 11...
O-O (11... Ne5 {was wrong:} 12. Nb5 Nxf3+ 13. gxf3 Be7 14. Be5 O-O 15. Nd6 {
blocking the opponent's centre.}) ({A very interesting but also very risky try
was} 11... a5) 12. Nb5 Bb8 13. Rd1 {It is necessary to stop all opponent's
activity in the centre. Direct development would allow Black to create
counterchances:} (13. Bd3 Ng4 14. O-O a6 15. Nbd4 Nxd4 16. Bxd4 Qc7 17. g3 f5)
13... Ne7 $6 ({In such situations it is necessary to start counterplay on the
black squares:} 13... e5 14. Be2 a5 15. bxa5 Nxa5) 14. e5 Ng4 ({White would
obtain a great advantage after} 14... Bxf3 15. gxf3 Nh5 16. Bd3 f5 17. exf6
Nxf6 18. Bxf6 Rxf6 19. Bxh7+ Kf8 20. Qd2) 15. h3 Nh6 ({Of course not} 15...
Bxf3 16. hxg4) 16. Bd3 Ng6 ({White would retain na similar big advantage after
} 16... Bxf3 17. gxf3 Ng6 18. Be4 a6 19. Nd4 Bc7 20. f4 Nxf4 21. Bxh7+ Kh8 22.
Be4 Rc8 23. Nf3) 17. Be4 {Now the white center is very solid and the black
pieces are on passive positions.} Qc8 18. O-O ({Swierszcz decided to play
technically and simply, but it was possible to start pawn expansion on the
kingside:} 18. h4 Nf5 19. g4) 18... a6 ({It was much better to improve the bad
knight with} 18... Nf5 19. g4 Nfe7 20. Rfe1 {but the white advantage would
remain huge.}) 19. Nd6 Bxd6 20. Rxd6 Rb8 ({It was possible to try to
counterattack White's weakness on c4:} 20... Bxe4 21. Qxe4 Qc7 22. Rfd1 Rac8
23. c5 bxc5 24. Rxd7 Qc6 25. Qxc6 Rxc6 26. R1d6 Rfc8 27. Rxc6 Rxc6 28. Rd6 $1 {
but Black's passive knights make the position hopeless.}) 21. Rfd1 Rd8 22. g4
$1 {A classical preventive move from the Soviet School (Swiercz was trained by
Aleksandr Kachur, Aleksandr Sulypa and Michail Gurevich).} Qc7 23. Ng5 Rbc8 24.
R1d4 ({Equally strong was} 24. Bd4) 24... Bxe4 25. Qxe4 Nf8 26. Bc1 ({It
seemed very logical to launch the pawn attack} 26. f4 a5 27. f5) 26... a5 27.
b5 {It is preferable not to allow the opening of the a-file.} Qc5 28. Qe3 Qc7
29. Qd3 {Finally White has created a powerful attacking setup.} Kh8 30. Bf4 Qb7
31. Bg3 $6 {Not the best place for the bishop. Swiercz realised this and
immediately changed it to the correct place.} Kg8 ({A very strong attack was
developed after} 31... Rc7 32. f4 Kg8 33. f5 $40) 32. Bf4 Kh8 33. Be3 Kg8 34.
Ne4 Kh8 35. Bg5 (35. Bg5 {and Black resigned because of} Re8 36. Bxh6 gxh6 37.
Rxd7 $18) 1-0